| 000 | 00299nam a2200121Ia 4500 | ||
|---|---|---|---|
| 008 | 240731s9999 xx 000 0 und d | ||
| 022 | _a2475-8779 | ||
| 245 | 0 | _aConnected Science Learning | |
| 260 | _bRoutledge | ||
| 856 | _uhttps://www.tandfonline.com/loi/ucsl20 | ||
| 942 | _2ddc | ||
| 942 | _cTFEJ | ||
| 999 |
_c76041 _d76041 |
||
| 945 |
_a1 _bMadushi Gamage _c1 _dMadushi Gamage |
||